Pro Sports Teams in Texas, Louisiana, Oklahoma - Statistics

General Stats
  • This quiz has been taken 31 times
  • The average score is 12 of 14
Answer Stats
League Team % Correct
NFL Dallas Cowboys
100%
NBA Houston Rockets
97%
NFL New Orleans Saints
93%
NBA Dallas Mavericks
90%
MLB Houston Astros
90%
NFL Houston Texans
90%
NBA New Orleans Pelicans
90%
NBA Oklahoma City Thunder
90%
NBA San Antonio Spurs
90%
NHL Dallas Stars
86%
MLB Texas Rangers
86%
MLS Houston Dynamo
72%
MLS FC Dallas
69%
MLS Austin FC
59%
No matching quizzes found
Score Distribution
Percent of People with Each Score
Percentile by Number Answered
Your Score History
You have not taken this quiz